| 000 | 00542nam a22001697a 4500 | ||
|---|---|---|---|
| 005 | 20231114070926.0 | ||
| 008 | 231114b |||||||| |||| 00| 0 eng d | ||
| 020 | _a0702103829 | ||
| 041 | _aEnglish | ||
| 082 | _a345 SOU | ||
| 100 |
_aBurchell, EM and Hunt, PMA _lEnglish |
||
| 245 |
_aSouth African Criminal Law and Procedure / _cEM Burchell and PMA Hunt |
||
| 260 |
_aCape Town : _bJuta and Company Ltd, _c1972 |
||
| 300 |
_bxv, 98 pages ; _c25,5 cm. |
||
| 650 |
_aLegal practice _bLaw |
||
| 942 |
_cBK _6ALISON_BN_VRIES |
||
| 999 |
_c599 _d599 |
||